|
|
|
|
| LEADER |
00000nab a2200000 a 4500 |
| 001 |
vtls000328348 |
| 003 |
SK-MaSNL |
| 005 |
20260303225646.0 |
| 008 |
111202c1987 xo 0 slo |
| 015 |
|
|
|a SNBRA19rr/mm-uuuuu
|
| 035 |
|
|
|a CL0328470
|
| 040 |
|
|
|a SNKBUCL
|b slo
|c SNKBUCL
|e AACR2
|
| 041 |
0 |
|
|a slo
|
| 044 |
|
|
|a xo
|c SK
|
| 080 |
|
|
|a 654
|2 1981
|
| 080 |
|
|
|a 656
|2 1981
|
| 100 |
1 |
|
|a Šotek, Karel,
|d 1942-
|4 aut
|9 7185
|
| 245 |
1 |
0 |
|a Výsledky vedecko-výskumných prác v oblasti rozvoja komunikácií
|c Karel Šotek
|
| 300 |
|
|
|b Lit. 3 zázn. v slov., češ.
|
| 650 |
0 |
7 |
|a spoje (komunikácie)
|2 snkbucl
|9 1057
|
| 650 |
0 |
7 |
|a doprava
|2 snkbucl
|9 1777
|
| 655 |
|
7 |
|a články zo zborníkov
|2 snkbucl
|9 166140
|
| 773 |
0 |
|
|t Využitie výpočtovej techniky v riadení a prevádzke strojárskej výroby
|d Bratislava : Dom techniky ČSVTS, 1987
|
| 850 |
|
|
|a Slovenská národná knižnica v Martine
|a MTA001
|
| 852 |
|
|
|a SNK
|b KIS3GCP
|
| 958 |
|
|
|a RK
|
| 992 |
|
|
|a RZB
|
| 999 |
|
|
|c 2257828
|d 2259758
|